00604 2200181 4500001002100000005001500021035002000036007000300056008004100059082001400100084001800114100003600132245010900168250001100277260008700288300003300375990001400408INLIS00000000000729720210315015043 a0010-0321000667ta210315 g 0 ind  aR. 411.52 aR. 411.52 MAS0 aMasyarakat Linguistik Indonesia1 aLingkungan Indonesia :bJurnal Ilmuah Masyarakat Linguistik Indonesia /cMasyarakat Linguistik Indonesia aCet. 1 bMasyarakat Linguistik Indonesia berkerja sama dengan YayasaN Obor Indonesia,c2006 a257 hlm :b. ;c17,5 x 25 cm a1071481 A